Catálogo
 En Linea

Fundamentos de cinética química / (Registro nro. 25228)

Detalles MARC
000 -CABECERA
campo de control de longitud fija 00954nam a2200253 a 4500
001 - NÚMERO DE CONTROL
campo de control 000025736
005 - FECHA Y HORA DE LA ÚLTIMA TRANSACCIÓN
campo de control 20200930024018.0
008 - DATOS DE LONGITUD FIJA--INFORMACIÓN GENERAL
campo de control de longitud fija 110221s2000 sp ad r 000 0 spa d
020 ## - NÚMERO INTERNACIONAL ESTÁNDAR DEL LIBRO
Número Internacional Estándar del Libro 8478290303
040 ## - FUENTE DE LA CATALOGACIÓN
Centro catalogador/agencia de origen DO-SdBNP
Lengua de catalogación spa
Centro/agencia transcriptor BNPHU
041 17 - CÓDIGO DE LENGUA
Código de lengua del texto/banda sonora o título independiente spa
Código de lengua original eng
Fuente del código Código de idioma MARC
082 ## - NÚMERO DE LA CLASIFICACIÓN DECIMAL DEWEY
Número de clasificación 541.395
Número de documento/Ítem L831f
049 ## - FONDOS LOCALES (OCLC)
Fondos de biblioteca BNGR
100 1# - ENTRADA PRINCIPAL--NOMBRE DE PERSONA
Nombre de persona Logan, S. R.
9 (RLIN) 52530
240 10 - TÍTULO UNIFORME
Título uniforme Fundamentals of chemical kinetics.
Lenguaje de la obra Español.
245 10 - MENCIÓN DE TÍTULO
Título Fundamentos de cinética química /
Mención de responsabilidad, etc. S. R. Logan ; traducción Concepción Pando García Pumarino ; revisión técnica J. A. Rodriguez Renuncio.
260 ## - PUBLICACIÓN, DISTRIBUCIÓN, ETC.
Lugar de publicación, distribución, etc. Madrid :
Nombre del editor, distribuidor, etc. Addison Wesley Iberoamericana,
Fecha de publicación, distribución, etc. 2000.
300 ## - DESCRIPCIÓN FÍSICA
Extensión XII, 260 p. ;
Dimensiones 24 cm.
534 ## - NOTA SOBRE LA VERSIÓN ORIGINAL
Encabezamiento principal del original Título original:
Mención de título del original Fundamentals of chemical kinetics.
650 #4 - PUNTO DE ACCESO ADICIONAL DE MATERIA--TÉRMINO DE MATERIA
Término de materia o nombre geográfico como elemento de entrada Cinética química
9 (RLIN) 52531
700 1# - PUNTO DE ACCESO ADICIONAL--NOMBRE DE PERSONA
Nombre de persona García Pumarino, Concepción Pando
Término indicativo de función/relación tr.
9 (RLIN) 52532
700 1# - PUNTO DE ACCESO ADICIONAL--NOMBRE DE PERSONA
Nombre de persona Capella, Isabel
Término indicativo de función/relación ed.
9 (RLIN) 52533
700 1# - PUNTO DE ACCESO ADICIONAL--NOMBRE DE PERSONA
Nombre de persona Rodriguez Renuncio, J. A.
9 (RLIN) 52534
Existencias
Estado de retiro Estado de pérdida Restricciones de uso No para préstamo Código de colección Localización permanente Ubicación/localización actual Ubicación en estantería Fecha de adquisición Número de inventario Total de préstamos Signatura topográfica completa Código de barras Fecha visto por última vez Precio válido a partir de Tipo de ítem Koha
        Monografías: Libros y Folletos General General En catalogación 21.02.2011 LF1   541.395 L831f 25736-10 25.06.2020 25.06.2020 Préstamo en sala

Con tecnología Koha